| 000 | 00695nas a2200217 4500 | ||
|---|---|---|---|
| 001 | BR9601964 | ||
| 003 | BR-BrBNA | ||
| 005 | 20231205095744.0 | ||
| 007 | ta | ||
| 008 | 230509b bl.|||p| |||| 00| 00por d | ||
| 040 |
_aBR-BrBNA _bpor _cBiblioteca Nacional de Agricultura |
||
| 041 | _a(Pt) | ||
| 072 | _aF50 | ||
| 100 | 1 | _aMartins, A.B. | |
| 245 | 1 | _aMarcetia hastschbachii (Melastomataceae - Tibouchineae): uma noova especie de grao-mogol, Minas Gerais, Brasil | |
| 650 | _aMelastomataceae | ||
| 650 | _aAnatomia Vegetal | ||
| 773 | 0 |
_tBoletim de Botanica (Brazil) _xISSN 0302-2439 _g(1995), v. 14 p. 43-47 _wBR9601964 |
|
| 909 |
_a202311 _bLúcia _c55 _dLúcia Elande |
||
| 942 |
_2AGRIS _n0 _cANA |
||
| 999 |
_c152537 _d152537 |
||